000 01080nam a2200253Ia 4500
003 Ost
005 20260507075142.0
008 260507s9999||||xx |||||||||||||| ||und||
020 _a93602499579
040 _cfsecg
041 _aara
082 _a330
100 _aالشمري، صادق راشد
_eمؤلف
245 0 _aإدارة المصارف :
_bالواقع و التطبيقات العملية /
_c صادق راشد الشمري
260 _aعمان:
_bدار صفاء,
_c2009
300 _a432 صفحة؛
_bإيضاحات ؛
_c24 سم
504 _aالمراجع ص.427
520 _aأهمية وطبيعة المصارف التجارية- النظام المصرفي في العراق- رأس المال المصرفي التجاري- هيكل النظام المصرفي وتنظيم المصرف- إدارة الودائع المصرفية- إدارة السيولة المصرفية
653 _aالإدارة المالية
653 _aالإقتصاد المالي
653 _aالبنوك
653 _aالمصارف
942 _cكتاب
999 _c43305
_d43305